000 00833 a2200241 4500
005 20251107123420.0
008 251107b |||||||| |||| 00| 0 eng d
020 _a9788178246956 (hbk)
037 _cTB
040 _aCRL
_cCRL
041 _2eng
_aeng
084 _aV2:51.N47 R5
_qCRL
100 _aVenkateswaran, Mrinalini
_9849453
245 _aCompelled to collect:
_bmuseums and the race for India's national past
260 _aRanikhet, India:
_bPermanent Black,
_c2025.
300 _axvi, 280p.
365 _b1095.00
_cINR
490 _aHedgehog and fox
650 _aIndia - History
_9850430
650 _aPartition
_9850431
942 _cTB
_2CC
_n0
_hV2:51.N47 R5
999 _c1465045
_d1465045